000 00991nam a22002537a 4500
005 20240530110359.0
008 150118s2009 ua d g 000 0 ara d
017 _a2008/23014
_bمصر . دار الكتب المصرية
020 _a9774311353
040 _aEG-CaGPL
041 0 _aara
082 0 4 _221
_a027.625\
_bح د
100 0 _aحسام حمدى
245 1 0 _aدور مكتبة الطفل فى تنمية ابداع الطفل /
_hحسام حمدى ؛ مراجعة وتقريم حمدى عبدالعليم البدوى
250 _aط 1
260 _aالقاهرة :
_bمؤسسة طيبة للطبع و النشر ،
_c2009
300 _a272 ص ؛
_c24 سم
504 _aيشتمل على ارجاعات ببليوجرافية
650 0 4 _aمكتبات الاطفال
650 0 4 _aالاطفال
_xتنمية مهارات
700 0 _4حمدى عبدالعليم البدوى
_eمراجع
942 _2ddc
_cBK
999 _c60231
_d60231